zpět

Detail výsledku týmu

The Pub Praha 2 ČT, Praha

Datum a čas kvízu

35.5 Celkem bodů Celkový počet nahraných bodů na tomto kvízu bez doplňovacích otázek.
6. Pořadí na kvízu Konečné umístění týmu na tomto kvízu.

Zaznamenané odpovědi

# Otázka Odpověď Body Výsledky
1. Český premiér Petr Fiala se mi... Etiopii 1
2. V úterý se v jisté evropské mo... Španělsko, princezna Leonor 1
3. Jedna kapela ve čtvrtek vydala... The Beatles 1
4. Minulý týden otevřel jistý ame... Popeye's 1
5. Lionel Messi získal poosmé cen... Erling Haaland, Kylian Mbappé 0.5
-14. O které významné ženě 18. stol... o Marii Antoinettě 1
-13. Ze dřeva kterého stromu bývají... z dubového dřeva 0
-14. Jak se v antické mytologii jme... Dionýsos 1
-11. Vinařská oblast Morava se dělí... Velkopavlovická 1
-10. Brandy je pálenka vyrobená z h... Cognac 1